Breaking Bad Trivia #J - Statistics

General Stats
  • This quiz has been taken 115 times
  • The average score is 9 of 15
Answer Stats
Hint Answer % Correct
Bitch! Jesse
99%
Todd's uncle Jack
92%
Dies after an overdose after choking on own vomit Jane
92%
Walt orders 9 guys to be killed in __ Jail
77%
What Walt calls his son Junior
77%
"Just because you shot __ __...don't make you __ __." -Mike Jesse James
67%
Walt foolishly uses such a place for a drugdeal Junkyard
63%
Walt fails to roll a __ in preparation to kill Krazy-8 Joint
50%
His younger brother Jake
44%
Despite his name, Saul isnt __ Jewish
42%
Walt refers to himself as "classical", whereas Gale is __ Jazz
40%
His fake surname, when introducing to his new landlord Jackson
38%
Walt's highschool J.P. Wynne
28%
Hector's grandson, shot by Jesse Joaquin
22%
Owner of such a place Joe
19%
No matching quizzes found
Score Distribution
Percent of People with Each Score
Percentile by Number Answered
Your Score History
You have not taken this quiz